000 00609nam a22001817a 4500
008 130817b xxu||||| |||| 00| 0 eng d
020 _a9-7805-2117-0925
082 _221 ed.
_a423
_bCAM
100 _aCambridge
245 _aCambridge essential english dictionary /
_cCambridge
250 _a2 ed.
260 _aCambridge :
_bCambridge University Press
_c2011
300 _axix, 481 P. ;
_bill. : Some Col.
_c20 cm.
650 _a English language -- Dictionaries
650 _a English language -- Textbooks for foreign speakers ;
650 _aCambridge essential english dictionary
942 _2ddc
_cBK
999 _c5483
_d5483